Polygrafické minimum

Gespeichert in:
Bibliographische Detailangaben
Hauptverfasser: Panák, Ján (Verfasst von), Čeppan, Michal, 1952- (Verfasst von), Dvonka, Vladimír (Verfasst von), Karpinský, Ľudovít (Verfasst von), Kordoš, Pavel (Verfasst von), Mikula, Milan (Verfasst von), Jakucewicz, Stefan (Verfasst von)
Format: Buch
Sprache:Slowakisch
Veröffentlicht: Bratislava TypoSet 2000
Ausgabe:2. upr. a dopl. vyd.
Schlagworte:
Online-Zugang:Im OPAC anzeigen
Tags: Tag hinzufügen
Keine Tags, Fügen Sie das erste Tag hinzu!

MARC

LEADER 00000nam a2200000 a 4500
005 20260127134013.0
008 160114s2000 xo a r y 0 slo
015 |a SNBA2001/05-01554 
020 |a 8096781138 
035 |a vtls001407939 
035 |a SNK000362601 
035 |a urn:nbn:sk:snk-amk4yi 
035 |a urn:nbn:sk:snk-am004wsg 
035 |a 3B3D0A5D-4B9C-436E-B282-B380624A5D95 
039 9 |a 201601141023  |b VLOAD  |c 201503091140  |d VLOAD  |c 201503051403  |d VLOAD  |c 201411061901  |d VLOAD  |y 200412290805  |z VLOAD 
040 |a SNK  |b slo  |c SNK  |d STUSCHK1  |e AACR2 
041 0 |a slo 
044 |a xo  |c SK 
080 |a 655.1/.3(035)  |2 1981 
245 0 0 |a Polygrafické minimum  |c J. Panák ... [et al.] 
250 |a 2. upr. a dopl. vyd. 
260 |a Bratislava  |b TypoSet  |c 2000 
300 |a 262 s.  |b fotogr., sch.  |c 21 cm 
500 |a Vyd. v spolupráci so Zväzom polygrafie na Slovensku 
504 |a Bibliogr. s. 257-258. Reg. 
650 0 7 |a polygrafia  |x príručky  |2 SNK 
655 7 |a príručky  |2 SNK 
700 1 |a Panák, Ján  |4 aut  |9 386 
700 1 |a Čeppan, Michal,  |d 1952-  |4 aut  |9 350 
700 1 |a Dvonka, Vladimír  |4 aut  |9 4 
700 1 |a Karpinský, Ľudovít  |4 aut 
700 1 |a Kordoš, Pavel  |4 aut  |9 610 
700 1 |a Mikula, Milan  |4 aut  |9 1175 
700 1 |a Jakucewicz, Stefan  |4 aut 
710 0 |a Zväz polygrafie na Slovensku Bratislava  |4 pbl 
910 |a SCHK95 
919 |a 80-967811-3-8 
958 |a TL 
958 |a NB 
999 |c 1920  |d 1920